| 000 | 01210cam a22002895a 4500 | ||
|---|---|---|---|
| 001 | 19340740 | ||
| 005 | 20180328102610.0 | ||
| 008 | 161019s2017 nyua frb 001 0 eng d | ||
| 010 | _a 2016030721 | ||
| 020 | _a9781138645684 (hardback : alk. paper) | ||
| 040 |
_aDLC _beng _cDLC _dDLC _dEG-ScBUE |
||
| 082 | 0 | 4 |
_a690.0684 _bHER _222 |
| 245 | 0 | 0 |
_aHeritage building information modelling / _cedited by Yusuf Arayici... [et al.] |
| 250 | _a1st ed. | ||
| 260 |
_aAbingdon ; _aNew York : _bRoutledge / Taaylor & Francis Group, _c2017. |
||
| 300 |
_axi, 279 p. : _bill. ; _c24 cm. |
||
| 500 | _a"This book was inspired by a workshop held in March 2015 in Luxor Egypt entitled Trends in Heritage focused Building Information Modelling and Collaboration for Sustainability." | ||
| 504 | _aIncludes bibliographical references and index. | ||
| 650 | 7 |
_aBuilding information modeling. _2BUEsh |
|
| 650 | 7 |
_aHistoric buildings _xConservation and restoration _xTechnological innovations. _2BUEsh |
|
| 650 | 7 |
_aCultural property _xProtection _xTechnological innovations. _2BUEsh |
|
| 651 | _2BUEsh | ||
| 653 |
_bENGARC _cMarch2018 |
||
| 655 |
_vText book _933728 |
||
| 700 | 1 |
_aArayici, Yusuf, _eeditor. |
|
| 942 | _2ddc | ||
| 999 |
_c26434 _d26406 |
||